000 00665nam a2200289Ia 4500
005 20260324144850.0
008 008 260324s9999 xx 000 0 eng d
020 _a9780367274603
037 _aEBOOK
040 _aCRL
040 _beng
040 _cCRL
041 _2eng
041 _aeng
084 _qCRL
100 _aMelvin A Conant
_91220895
245 4 _aThe World Gas Trade
245 2 _bA Resource For The Future
260 _bTaylor and Francis
260 _c1986
365 _a
365 _b230
856 _uhttp://www.taylorfrancis.com/books/9780367274603
942 _cEBOOK
999 _c1828051
_d1828051